Hodnota rizika rastového fondu DSS
Salvato in:
| Autore principale: | |
|---|---|
| Natura: | Capitolo di libro |
| Lingua: | slovacco |
| Soggetti: | |
| Tags: |
Nessun Tag, puoi essere il primo ad aggiungerne!!
|
MARC
| LEADER | 00000naa$a2200000$$$4500 | ||
|---|---|---|---|
| 001 | 0078866 | ||
| 005 | 20240502071913.7 | ||
| 041 | 0 | |a slo | |
| 044 | |a SK | ||
| 245 | 1 | 0 | |a Hodnota rizika rastového fondu DSS |c Ján Gogola |
| 500 | |a Abstrakt | ||
| 610 | 2 | 0 | |a trh finančný |
| 610 | 2 | 0 | |a sporenie dôchodkové starobné |
| 610 | 2 | 0 | |a riziko |
| 610 | 2 | 0 | |a riadenie rizík |
| 610 | 2 | 0 | |a fondy finančné |
| 100 | 1 | |a Gogola, Ján, 1977- | |